| 000 | 01474nam a2200253Ia 4500 | ||
|---|---|---|---|
| 003 | Ost | ||
| 005 | 20260507075713.0 | ||
| 008 | 260507s9999||||xx |||||||||||||| ||und|| | ||
| 040 | _cfsecg | ||
| 041 | _aara | ||
| 082 | _a657.46 | ||
| 100 |
_aالصبان، محمد سمير _eمؤلف |
||
| 245 | 0 |
_aالمحاسبة المتوسطة : _bالقياس والإفصاح وفقا لمعايير المحاسبة المالية / _c محمد سمير الصبان |
|
| 260 |
_aالإسكندرية: _bالدار الجامعية, _c2003 |
||
| 300 |
_a416 صفحة؛ _bإيضاحات ؛ _c24 سم |
||
| 504 | _aالملاحق ص.409 | ||
| 520 | _aأسس المحاسبة عن الأصول الثابتة-المحاسبة عن الأصول غير الملموسة والموارد الطبيعية-المحاسبة عن الإستثمارات طويلة الأجل-الإعتراف بالإرادات-المحاسبة عن عقود التأجير-قائمة التدفقات النقدية-القواعد المحاسبية التي تحكم القياس المحاسبي في حالة السجلات غير الكاملة"القيد المفرد" | ||
| 653 | _aالمالية العامة- المحاسبة | ||
| 653 | _aالمحاسبة | ||
| 653 | _aالمحاسبة التحليلية | ||
| 700 |
_aالدهراوي، كما الدين _eمؤلف ثانوي |
||
| 700 |
_aهلال، عبد الله عبد العظيم _eمؤلف ثانوي |
||
| 942 | _cكتاب | ||
| 999 |
_c45902 _d45902 |
||